000
00350nam a2200145 a 4500
005
20140414093841.0
008
071009s19uu xx uuu eng d
050
_a
VCD 790
_b
ROB
245
_a
Robin Hood :
_b
prince of thieves.
260
_a
Sl :
_b
Warner Brothers.
300
_a
1 video disk
650
_a
Film.
942
_c
AVM
999
_c
109292
_d
109292